[Event "Kandidatklassen"]
[Site "Aarhus"]
[Date "1999.03.31"]
[Round "2"]
[White "Aagaard, Jacob"]
[Black "Christensen, Stefan"]
[Result "1-0"]
[WhiteElo "2399"]
[BlackElo "2197"]
[PlyCount "37"]
[EventDate "1999.??.??"]
[EventType "swiss"]
[EventRounds "7"]
[EventCountry "DEN"]
[SourceTitle "EXT 2000"]
[Source "ChessBase"]
[SourceDate "1999.11.16"]

1. d4 Nf6 2. Nf3 e6 3. c4 b6 4. g3 Bb7 5. Bg2 Be7 6. O-O O-O 7. Re1 Qc8 8. Bg5
d5 9. cxd5 exd5 10. Nc3 h6 11. Bf4 c6 12. Rc1 Qf5 13. Nh4 Qd7 14. Qd3 c5 15.
Nf5 cxd4 16. Nxd5 Nxd5 17. Bxd5 Bc5 18. Bxb7 Qxb7 19. b4 1-0

[Event "Kandidatklassen"]
[Site "Aarhus"]
[Date "1999.04.01"]
[Round "3"]
[White "Aagaard, Jacob"]
[Black "Rewitz, Poul"]
[Result "1-0"]
[WhiteElo "2399"]
[BlackElo "2350"]
[PlyCount "79"]
[EventDate "1999.??.??"]
[EventType "swiss"]
[EventRounds "7"]
[EventCountry "DEN"]
[SourceTitle "EXT 2000"]
[Source "ChessBase"]
[SourceDate "1999.11.16"]

1. d4 g6 2. Nf3 Bg7 3. c4 f5 4. g3 Nf6 5. Bg2 O-O 6. O-O d6 7. Nc3 Nc6 8. d5
Ne5 9. Qb3 Ned7 10. Qc2 Nc5 11. b4 Nce4 12. Bb2 c5 13. dxc6 bxc6 14. Nxe4 fxe4
15. Nd4 Qb6 16. c5 Qxb4 17. cxd6 exd6 18. Nxc6 Qb7 19. Rab1 Qf7 20. Bxf6 Bxf6
21. Bxe4 d5 22. Bg2 Ba6 23. Qd2 Bc4 24. Nb4 Rad8 25. Nd3 Bg7 26. a3 Kh8 27. Bf3
Qf5 28. Kg2 Rd7 29. Rb4 Rdf7 30. Nb2 Ba2 31. Nd1 a5 32. Rf4 Qb1 33. Rxf7 Rxf7
34. Nc3 Qb3 35. Nxa2 d4 36. Qxa5 Qxa2 37. Bd5 Rf5 38. Qd8+ Rf8 39. Qxf8+ Bxf8
40. Bxa2 1-0

[Event "Kandidatklassen"]
[Site "Aarhus"]
[Date "1999.04.04"]
[Round "6"]
[White "Aagaard, Jacob"]
[Black "Matthiesen, Martin"]
[Result "1/2-1/2"]
[WhiteElo "2399"]
[BlackElo "2278"]
[PlyCount "85"]
[EventDate "1999.??.??"]
[EventType "swiss"]
[EventRounds "7"]
[EventCountry "DEN"]
[SourceTitle "EXT 2000"]
[Source "ChessBase"]
[SourceDate "1999.11.16"]

1. d4 Nf6 2. c4 e6 3. Nf3 b6 4. Bf4 Bb7 5. e3 Bb4+ 6. Nbd2 O-O 7. h3 d6 8. Be2
Nbd7 9. a3 Bxd2+ 10. Qxd2 Qe7 11. O-O a5 12. b3 Ra7 13. Bh2 Re8 14. Qb2 Kf8 15.
Nd2 Ne4 16. Nxe4 Bxe4 17. Rfc1 Qg5 18. Bf1 Rea8 19. b4 axb4 20. axb4 Qd8 21.
Rxa7 Rxa7 22. c5 dxc5 23. bxc5 bxc5 24. dxc5 Bc6 25. Qd2 Kg8 26. Bg3 Qg5 27.
Kh2 Qd5 28. Qc2 Ra5 29. e4 Qd4 30. Qb3 h6 31. Rc4 Qa1 32. Be2 Qe1 33. Qe3 Ra2
34. Bf3 Qxe3 35. fxe3 Ra5 36. Bxc7 Rxc5 37. Rxc5 Nxc5 38. e5 Bd5 39. Bd6 Nd7
40. Be2 Nb6 41. Bc5 Nd7 42. Bd6 Bc6 43. Kg3 1/2-1/2

[Event "Kandidatklassen"]
[Site "Aarhus"]
[Date "1999.04.01"]
[Round "3"]
[White "Andersen, Jackie"]
[Black "Pedersen, Nicolai Vesterbaek"]
[Result "0-1"]
[WhiteElo "2300"]
[BlackElo "2366"]
[PlyCount "96"]
[EventDate "1999.??.??"]
[EventType "swiss"]
[EventRounds "7"]
[EventCountry "DEN"]
[SourceTitle "EXT 2000"]
[Source "ChessBase"]
[SourceDate "1999.11.16"]

1. f4 d5 2. Nf3 g6 3. g3 Bg7 4. Bg2 Nh6 5. O-O O-O 6. d3 d4 7. c3 c5 8. e4 dxe3
9. Bxe3 Nd7 10. Kh1 Rb8 11. Nbd2 Qc7 12. Ne4 b6 13. d4 Bb7 14. d5 Ng4 15. Bg1
Ngf6 16. Nxf6+ Nxf6 17. c4 Rbd8 18. Qa4 Rd6 19. Rfe1 Bc8 20. Rac1 a5 21. a3 Bd7
22. Qc2 Bf5 23. Qa4 Bd7 24. Qc2 Bf5 25. Qe2 e6 26. b4 axb4 27. axb4 Be4 28.
bxc5 bxc5 29. dxe6 Rxe6 30. Ne5 Bxg2+ 31. Qxg2 Rfe8 32. Red1 Bf8 33. Rb1 Rb6
34. Rb5 Bd6 35. Rdb1 Reb8 36. Nc6 Rxb5 37. cxb5 Rb6 38. Qb2 Nd5 39. Qg2 Nf6 40.
Qb2 Nd5 41. Qe2 Nc3 42. Qe8+ Kg7 43. Ra1 Nxb5 44. Na5 Nd4 45. Qe4 Rb4 46. Bf2
Nb3 47. Qxb4 cxb4 48. Nxb3 Qc2 0-1

[Event "Kandidatklassen"]
[Site "Aarhus"]
[Date "1999.03.31"]
[Round "2"]
[White "Andersen, Jackie"]
[Black "Larsen, Peter"]
[Result "0-1"]
[WhiteElo "2300"]
[BlackElo "2261"]
[PlyCount "72"]
[EventDate "1999.??.??"]
[EventType "swiss"]
[EventRounds "7"]
[EventCountry "DEN"]
[SourceTitle "EXT 2000"]
[Source "ChessBase"]
[SourceDate "1999.11.16"]

1. d4 Nf6 2. Nf3 d5 3. c4 c6 4. Nc3 e6 5. Bg5 dxc4 6. e4 b5 7. e5 h6 8. Bh4 g5
9. Nxg5 Nd5 10. Nxf7 Qxh4 11. Nxh8 Bb4 12. Rc1 c5 13. Be2 cxd4 14. O-O dxc3 15.
bxc3 Bc5 16. Bf3 Bb7 17. Qc2 Na6 18. Qg6+ Kd7 19. Qh7+ Qe7 20. Qxh6 Rg8 21. h4
Bc6 22. Ng6 Qg7 23. Qxg7+ Rxg7 24. h5 Be7 25. Be4 Nc5 26. h6 Rh7 27. Nf8+ Bxf8
28. Bxh7 Bxh6 29. Rc2 Ke7 30. g3 Kf7 31. Re1 Ne7 32. Rb2 Kg7 33. Bb1 Na4 34.
Rc2 Bf3 35. Re3 Bxe3 36. fxe3 Be4 0-1

[Event "Kandidatklassen"]
[Site "Aarhus"]
[Date "1999.04.02"]
[Round "4"]
[White "Andersen, Jackie"]
[Black "Vovk, Oksana"]
[Result "1-0"]
[WhiteElo "2300"]
[BlackElo "2089"]
[PlyCount "57"]
[EventDate "1999.??.??"]
[EventType "swiss"]
[EventRounds "7"]
[EventCountry "DEN"]
[SourceTitle "EXT 2000"]
[Source "ChessBase"]
[SourceDate "1999.11.16"]

1. d4 Nf6 2. Nf3 e6 3. Bf4 c5 4. e3 Nc6 5. Nbd2 b6 6. c3 Bb7 7. Bd3 d6 8. Qe2
Qc7 9. h3 e5 10. Bh2 Be7 11. O-O O-O 12. dxc5 bxc5 13. e4 Rab8 14. Rac1 Qd8 15.
Rfd1 Ba8 16. Nc4 g6 17. a3 a5 18. a4 Nd7 19. Bb1 Qc7 20. Na3 Na7 21. Bg3 Qc6
22. Bh4 Bxh4 23. Nxh4 Nf6 24. Nc4 Rfd8 25. Bc2 Qa6 26. Rd2 Nc8 27. Rcd1 Rd7 28.
b3 Ne7 29. Rxd6 1-0

[Event "Kandidatklassen"]
[Site "Aarhus"]
[Date "1999.04.04"]
[Round "6"]
[White "Andersen, Jackie"]
[Black "Christensen, Stefan"]
[Result "1-0"]
[WhiteElo "2300"]
[BlackElo "2197"]
[PlyCount "97"]
[EventDate "1999.??.??"]
[EventType "swiss"]
[EventRounds "7"]
[EventCountry "DEN"]
[SourceTitle "EXT 2000"]
[Source "ChessBase"]
[SourceDate "1999.11.16"]

1. d4 Nf6 2. Nf3 e6 3. Bf4 b6 4. Nbd2 Bb7 5. e3 Bd6 6. Bg3 Bxg3 7. hxg3 d6 8.
Bd3 Nbd7 9. Qe2 e5 10. e4 Qe7 11. O-O-O O-O-O 12. Ba6 Nb8 13. Bxb7+ Kxb7 14. d5
Na6 15. Rhe1 Qd7 16. Qc4 Rc8 17. Re3 c6 18. Ra3 Nc5 19. dxc6+ Qxc6 20. Ng5 b5
21. Qe2 Rc7 22. Nb3 Ka8 23. Nxc5 Qxc5 24. Rc3 Qb6 25. Rxc7 Qxc7 26. Rd3 h6 27.
Nf3 Qc4 28. Nd2 Qc6 29. Rc3 Qd7 30. Qd3 Rd8 31. Nb3 d5 32. Nc5 dxe4 33. Nxd7
exd3 34. Nxf6 d2+ 35. Kd1 gxf6 36. Rc6 f5 37. Rf6 f4 38. gxf4 exf4 39. Rxf4 Rg8
40. g3 Rg7 41. Rf6 Rh7 42. Kxd2 h5 43. Kc3 Kb7 44. Kb4 a6 45. Ka5 h4 46. gxh4
Rxh4 47. Rxf7+ Kc6 48. Rf6+ Kc5 49. b4+ 1-0

[Event "Kandidatklassen"]
[Site "Aarhus"]
[Date "1999.04.05"]
[Round "7"]
[White "Bank Friis, Carsten"]
[Black "Vovk, Oksana"]
[Result "1-0"]
[WhiteElo "2291"]
[BlackElo "2089"]
[PlyCount "47"]
[EventDate "1999.??.??"]
[EventType "swiss"]
[EventRounds "7"]
[EventCountry "DEN"]
[SourceTitle "EXT 2000"]
[Source "ChessBase"]
[SourceDate "1999.11.16"]

1. d4 Nf6 2. c4 e6 3. Nc3 Bb4 4. e3 c5 5. a3 Bxc3+ 6. bxc3 O-O 7. Bd3 d6 8. Qc2
e5 9. Ne2 Re8 10. f3 Nc6 11. O-O b6 12. d5 Na5 13. Ng3 Ba6 14. Qe2 Qd7 15. a4
Rab8 16. e4 Nb3 17. Bg5 Nxa1 18. Bxf6 Nb3 19. Nh5 Bc8 20. Qe3 h6 21. Bxg7 f5
22. Qxh6 Kf7 23. Qf6+ Kg8 24. Qg6 1-0

[Event "Kandidatklassen"]
[Site "Aarhus"]
[Date "1999.04.02"]
[Round "4"]
[White "Bank Friis, Carsten"]
[Black "Larsen, Peter"]
[Result "1/2-1/2"]
[WhiteElo "2291"]
[BlackElo "2261"]
[PlyCount "66"]
[EventDate "1999.??.??"]
[EventType "swiss"]
[EventRounds "7"]
[EventCountry "DEN"]
[SourceTitle "EXT 2000"]
[Source "ChessBase"]
[SourceDate "1999.11.16"]

1. d4 Nf6 2. c4 c5 3. Nf3 cxd4 4. Nxd4 e5 5. Nb5 d5 6. cxd5 Bc5 7. e3 O-O 8.
N1c3 a6 9. Na3 Re8 10. Nc2 Bf5 11. f3 Bxc2 12. Qxc2 Nxd5 13. Nxd5 Qxd5 14. Bd3
Nd7 15. Bxh7+ Kh8 16. Be4 Qd6 17. O-O Nf6 18. a3 Qb6 19. Re1 Rac8 20. Bf5 Rc6
21. Qa4 Nd5 22. Be4 Nxe3 23. Bxc6 Ng4+ 24. Kf1 Bg1 25. Re2 Bxh2 26. Be3 Nxe3+
27. Rxe3 Qxe3 28. Qh4+ Kg8 29. Bxe8 Qd3+ 30. Ke1 Qe3+ 31. Kf1 Qd3+ 32. Ke1 Qe3+
33. Kf1 Qd3+ 1/2-1/2

[Event "Kandidatklassen"]
[Site "Aarhus"]
[Date "1999.03.31"]
[Round "2"]
[White "Bank Friis, Carsten"]
[Black "Jensen, Bjarke"]
[Result "0-1"]
[WhiteElo "2291"]
[BlackElo "2152"]
[PlyCount "94"]
[EventDate "1999.??.??"]
[EventType "swiss"]
[EventRounds "7"]
[EventCountry "DEN"]
[SourceTitle "EXT 2000"]
[Source "ChessBase"]
[SourceDate "1999.11.16"]

1. d4 Nf6 2. c4 g6 3. Nc3 Bg7 4. e4 d6 5. f3 O-O 6. Be3 c5 7. dxc5 dxc5 8. Qxd8
Rxd8 9. Bxc5 Nc6 10. Nge2 Nd7 11. Ba3 Nde5 12. Nf4 Nd4 13. O-O-O Bh6 14. Kb1
Bxf4 15. Nd5 Ndc6 16. Be2 Bh6 17. Nxe7+ Kg7 18. Nd5 Be6 19. b3 Kh8 20. h4 Bg7
21. h5 Kg8 22. g4 Rac8 23. hxg6 Nxg6 24. Bc1 Nd4 25. Rde1 Bxd5 26. cxd5 Rc3 27.
f4 Rxc1+ 28. Kxc1 Nxf4 29. Bf1 Rc8+ 30. Kd1 Nc2 31. Bc4 Nxe1 32. Rxe1 Be5 33.
a4 Kg7 34. Kd2 Kg6 35. Rh1 h6 36. Ke3 a6 37. Rd1 Bd6 38. e5 Bxe5 39. d6 Rd8 40.
d7 Bc7 41. b4 Kf6 42. b5 axb5 43. Bxb5 Ne6 44. Rd5 Ke7 45. Ke4 Rg8 46. Kf3 Bd8
47. Rd1 Rg5 0-1

[Event "Kandidatklassen"]
[Site "Aarhus"]
[Date "1999.04.04"]
[Round "6"]
[White "Borbjerggaard, Lars"]
[Black "Brinck Claussen, Bjorn"]
[Result "1-0"]
[WhiteElo "2357"]
[BlackElo "2330"]
[PlyCount "67"]
[EventDate "1999.??.??"]
[EventType "swiss"]
[EventRounds "7"]
[EventCountry "DEN"]
[SourceTitle "EXT 2000"]
[Source "ChessBase"]
[SourceDate "1999.11.16"]

1. d4 Nf6 2. c4 c5 3. d5 e5 4. Nc3 d6 5. e4 Be7 6. f3 O-O 7. Be3 Na6 8. Qd2 Bd7
9. a3 Ne8 10. Nge2 g6 11. Bh6 Ng7 12. h4 Bxh4+ 13. g3 Bf6 14. O-O-O Nc7 15. Bh3
b5 16. Bxd7 Qxd7 17. g4 bxc4 18. Ng3 Rfb8 19. g5 Bd8 20. Bxg7 Kxg7 21. Nh5+ Kg8
22. Nf6+ Bxf6 23. gxf6 Qd8 24. Rxh7 Qxf6 25. Rdh1 Kf8 26. f4 Qxf4 27. Qxf4 exf4
28. e5 dxe5 29. d6 Ne6 30. Ne4 g5 31. R1h6 g4 32. Nf6 g3 33. Rh8+ Kg7 34. Nh5#
1-0

[Event "Kandidatklassen"]
[Site "Aarhus"]
[Date "1999.04.03"]
[Round "5"]
[White "Borbjerggaard, Lars"]
[Black "Jensen, Bjarke"]
[Result "1-0"]
[WhiteElo "2357"]
[BlackElo "2152"]
[PlyCount "63"]
[EventDate "1999.??.??"]
[EventType "swiss"]
[EventRounds "7"]
[EventCountry "DEN"]
[SourceTitle "EXT 2000"]
[Source "ChessBase"]
[SourceDate "1999.11.16"]

1. d4 Nf6 2. c4 g6 3. Nc3 Bg7 4. e4 d6 5. f4 O-O 6. Nf3 e5 7. fxe5 dxe5 8. d5
c6 9. Bg5 Nbd7 10. Be2 Qa5 11. Qc2 cxd5 12. cxd5 h6 13. Be3 a6 14. a3 b5 15. b4
Qc7 16. Rc1 Bb7 17. Nd2 Rfc8 18. O-O Qd8 19. Nb3 Bf8 20. Qd2 Rxc3 21. Qxc3 Nxe4
22. Qd3 f5 23. Na5 Bc8 24. d6 Ndf6 25. Qb3+ Kg7 26. Rc7+ Bd7 27. Nb7 Qe8 28.
Bf3 Kh8 29. Nc5 Bxd6 30. Nxd7 Nxd7 31. Bxe4 fxe4 32. Rb7 1-0

[Event "Kandidatklassen"]
[Site "Aarhus"]
[Date "1999.04.02"]
[Round "4"]
[White "Borbjerggaard, Lars"]
[Black "Jacobsen, Bo"]
[Result "1-0"]
[WhiteElo "2357"]
[BlackElo "2283"]
[PlyCount "73"]
[EventDate "1999.??.??"]
[EventType "swiss"]
[EventRounds "7"]
[EventCountry "DEN"]
[SourceTitle "EXT 2000"]
[Source "ChessBase"]
[SourceDate "1999.11.16"]

1. d4 Nf6 2. c4 c5 3. d5 e5 4. Nc3 d6 5. e4 Be7 6. Be2 Nbd7 7. Be3 Nf8 8. Qd2
Ng6 9. f3 h5 10. h4 a6 11. g3 Bd7 12. a3 Qc8 13. b4 O-O 14. bxc5 dxc5 15. Bg5
Bd8 16. f4 exf4 17. gxf4 Ng4 18. e5 Ba5 19. Bd3 Bf5 20. Nge2 f6 21. e6 fxg5 22.
hxg5 Qc7 23. Bxf5 Rxf5 24. d6 Qc6 25. O-O-O Nf2 26. Qc2 Nxd1 27. Rxd1 Ne7 28.
dxe7 Qxe6 29. Qa4 Bb6 30. Qd7 Qxd7 31. Rxd7 Re8 32. Nd5 h4 33. Nxb6 h3 34. Nd5
h2 35. Ng3 g6 36. Rxb7 Kg7 37. Kd2 1-0

[Event "Kandidatklassen"]
[Site "Aarhus"]
[Date "1999.03.31"]
[Round "2"]
[White "Brinck Claussen, Bjorn"]
[Black "Pedersen, Steffen"]
[Result "0-1"]
[WhiteElo "2330"]
[BlackElo "2418"]
[PlyCount "40"]
[EventDate "1999.??.??"]
[EventType "swiss"]
[EventRounds "7"]
[EventCountry "DEN"]
[SourceTitle "EXT 2000"]
[Source "ChessBase"]
[SourceDate "1999.11.16"]

1. e4 c5 2. Nf3 d6 3. d4 cxd4 4. Nxd4 Nf6 5. Nc3 a6 6. Bg5 e6 7. f4 Be7 8. Qf3
h6 9. Bh4 Nbd7 10. O-O-O Qc7 11. Be2 Rb8 12. Rhe1 b5 13. e5 dxe5 14. fxe5 Nxe5
15. Bxb5+ axb5 16. Rxe5 Qxe5 17. Bg3 Qg5+ 18. Bf4 Bb7 19. Qf1 Bxg2 20. Qf2 Ng4
0-1

[Event "Kandidatklassen"]
[Site "Aarhus"]
[Date "1999.03.30"]
[Round "1"]
[White "Brinck Claussen, Bjorn"]
[Black "Jakobsen, Lars Veno"]
[Result "1-0"]
[WhiteElo "2330"]
[BlackElo "2353"]
[PlyCount "87"]
[EventDate "1999.??.??"]
[EventType "swiss"]
[EventRounds "7"]
[EventCountry "DEN"]
[SourceTitle "EXT 2000"]
[Source "ChessBase"]
[SourceDate "1999.11.16"]

1. e4 c5 2. Nf3 e6 3. d4 cxd4 4. Nxd4 a6 5. Nc3 Qc7 6. g3 Bb4 7. Nde2 Be7 8.
Bg2 Nf6 9. O-O Nc6 10. Nf4 O-O 11. g4 d6 12. g5 Nd7 13. Nd3 Re8 14. f4 b5 15.
f5 Nce5 16. Kh1 Bf8 17. a3 Rb8 18. h4 Bb7 19. f6 Nxd3 20. cxd3 Rbc8 21. d4 Qb6
22. h5 Red8 23. Be3 b4 24. axb4 Qxb4 25. Rf2 d5 26. exd5 exd5 27. Qf3 g6 28.
hxg6 fxg6 29. Bh3 Qb6 30. Rh2 Kh8 31. Rf1 Rc7 32. Bf4 Bd6 33. Na4 Qc6 34. Bxd6
Qxd6 35. Bxd7 Rcxd7 36. Nc5 Rf7 37. Nd3 Re8 38. Nf4 Ref8 39. Re1 Bc8 40. Kg1
Qb6 41. Qxd5 Qc7 42. Qe5 Bf5 43. Nd5 Qa7 44. Rxh7+ 1-0

[Event "Kandidatklassen"]
[Site "Aarhus"]
[Date "1999.04.03"]
[Round "5"]
[White "Brinck Claussen, Bjorn"]
[Black "Aagaard, Jacob"]
[Result "0-1"]
[WhiteElo "2330"]
[BlackElo "2399"]
[PlyCount "52"]
[EventDate "1999.??.??"]
[EventType "swiss"]
[EventRounds "7"]
[EventCountry "DEN"]
[SourceTitle "EXT 2000"]
[Source "ChessBase"]
[SourceDate "1999.11.16"]

1. e4 c5 2. Nf3 e6 3. d4 cxd4 4. Nxd4 a6 5. Nc3 Qc7 6. g3 Bb4 7. Nde2 Be7 8.
Bg2 Nf6 9. O-O d6 10. a4 Nc6 11. b3 b6 12. Bb2 Bb7 13. Nf4 Rc8 14. Re1 O-O 15.
g4 d5 16. e5 Nd7 17. Ncxd5 exd5 18. Nxd5 Qd8 19. g5 Bxg5 20. Qg4 Ncxe5 21. Bxe5
Bxd5 22. Bxg7 Kxg7 23. Bxd5 Kh8 24. Bg2 Rg8 25. Rad1 Bh4 26. Qxd7 Bxf2+ 0-1

[Event "Kandidatklassen"]
[Site "Aarhus"]
[Date "1999.04.03"]
[Round "5"]
[White "Bromann, Thorbjorn"]
[Black "Holmsgaard, Henrik"]
[Result "1-0"]
[WhiteElo "2242"]
[BlackElo "2317"]
[PlyCount "71"]
[EventDate "1999.??.??"]
[EventType "swiss"]
[EventRounds "7"]
[EventCountry "DEN"]
[SourceTitle "EXT 2000"]
[Source "ChessBase"]
[SourceDate "1999.11.16"]

1. e4 c5 2. Nf3 Nc6 3. d4 cxd4 4. Nxd4 Nf6 5. Nc3 e5 6. Ndb5 d6 7. Bg5 a6 8.
Na3 b5 9. Bxf6 gxf6 10. Nd5 f5 11. Bd3 Be6 12. O-O Bg7 13. Qh5 f4 14. c4 bxc4
15. Bxc4 Nd4 16. Rac1 Rc8 17. Bxa6 Rxc1 18. Rxc1 O-O 19. Bc4 f5 20. exf5 Rxf5
21. Qd1 e4 22. Nc2 Nf3+ 23. gxf3 Qh4 24. fxe4 Rg5+ 25. Kh1 f3 26. Qxf3 Be5 27.
h3 Bxh3 28. Nf4+ Be6+ 29. Qh3 Qxf4 30. Bxe6+ Kh8 31. Ne3 Qxe4+ 32. Ng2 Qe2 33.
Bc4 Qxb2 34. Rf1 Qd4 35. Bd3 h5 36. f4 1-0

[Event "Kandidatklassen"]
[Site "Aarhus"]
[Date "1999.03.30"]
[Round "1"]
[White "Bromann, Thorbjorn"]
[Black "Christensen, Stefan"]
[Result "0-1"]
[WhiteElo "2242"]
[BlackElo "2197"]
[PlyCount "106"]
[EventDate "1999.??.??"]
[EventType "swiss"]
[EventRounds "7"]
[EventCountry "DEN"]
[SourceTitle "EXT 2000"]
[Source "ChessBase"]
[SourceDate "1999.11.16"]

1. e4 e6 2. d4 d5 3. Nc3 Bb4 4. exd5 exd5 5. Bd3 Nc6 6. a3 Bxc3+ 7. bxc3 Nge7
8. Qh5 Be6 9. Rb1 b6 10. Ne2 Qd7 11. Ng3 O-O-O 12. O-O f6 13. Qe2 h5 14. Re1
Bf7 15. a4 h4 16. Nf1 Rde8 17. Ne3 Bh5 18. Qd2 h3 19. g3 Na5 20. Ba3 Kb8 21.
Bb4 Nc4 22. Nxc4 dxc4 23. Bxc4 Nd5 24. a5 Bf3 25. Bf1 Qg4 26. axb6 axb6 27. Ba3
Bg2 28. Bxg2 hxg2 29. f4 Qf3 30. Qxg2 Rxe1+ 31. Rxe1 Qxc3 32. Qe4 f5 33. Qe5
Nf6 34. Qe3 Qxc2 35. Re2 Qc6 36. h4 Ng4 37. Qd3 g6 38. Rc2 Qd5 39. Re2 Rd8 40.
Bb2 Qc6 41. Rc2 Qd5 42. Re2 Kb7 43. Re7 Rd6 44. Qc3 Rc6 45. Qd3 Re6 46. Rxe6
Qxe6 47. Qf3+ Kb8 48. Bc3 Qa2 49. d5 Qb1+ 50. Kg2 Qc2+ 51. Kg1 Qc1+ 52. Kg2
Ne3+ 53. Kh3 Qxc3 0-1

[Event "Kandidatklassen"]
[Site "Aarhus"]
[Date "1999.04.03"]
[Round "5"]
[White "Christensen, Stefan"]
[Black "Palo, Davor"]
[Result "1/2-1/2"]
[WhiteElo "2197"]
[BlackElo "2065"]
[PlyCount "104"]
[EventDate "1999.??.??"]
[EventType "swiss"]
[EventRounds "7"]
[EventCountry "DEN"]
[SourceTitle "EXT 2000"]
[Source "ChessBase"]
[SourceDate "1999.11.16"]

1. e4 c6 2. Nc3 d5 3. Nf3 dxe4 4. Nxe4 Nd7 5. Bc4 e6 6. d4 Ngf6 7. Nxf6+ Nxf6
8. O-O Be7 9. Bg5 b6 10. Re1 O-O 11. Qe2 Qc7 12. Ne5 Nd5 13. Bxd5 cxd5 14. Bxe7
Qxe7 15. f4 Bd7 16. c3 Qd6 17. Qe3 b5 18. Nd3 a5 19. a3 Rfc8 20. Nc5 Rab8 21.
b4 a4 22. Re2 Bc6 23. Rae1 Rf8 24. Qf3 Bd7 25. Qg4 Bc8 26. Qh4 Qd8 27. Qg3 Qc7
28. Re5 Rb6 29. Qf2 Rc6 30. Qf3 Rd6 31. f5 exf5 32. Rxd5 Rxd5 33. Qxd5 Qf4 34.
Qa2 Qh4 35. Qf2 Qg5 36. Qe3 f4 37. Qe5 Qg4 38. Rf1 g5 39. d5 Qf5 40. Qxf5 Bxf5
41. Rd1 Kg7 42. d6 Kf6 43. Rd5 h6 44. Nb7 Bd7 45. Rc5 Rc8 46. Rxc8 Bxc8 47. Nc5
Bf5 48. Kf2 g4 49. Ke2 h5 50. Kd2 h4 51. Ke2 Be6 52. Kf2 Bd5 1/2-1/2

[Event "Kandidatklassen"]
[Site "Aarhus"]
[Date "1999.04.01"]
[Round "3"]
[White "Christensen, Stefan"]
[Black "Pedersen, Daniel Vesterbaek"]
[Result "0-1"]
[WhiteElo "2197"]
[BlackElo "2299"]
[PlyCount "44"]
[EventDate "1999.??.??"]
[EventType "swiss"]
[EventRounds "7"]
[EventCountry "DEN"]
[SourceTitle "EXT 2000"]
[Source "ChessBase"]
[SourceDate "1999.11.16"]

1. d4 d5 2. Nf3 Nf6 3. Bf4 c5 4. e3 cxd4 5. exd4 Nc6 6. c3 g6 7. Nbd2 Bg7 8.
Bd3 O-O 9. h3 a6 10. a4 Bf5 11. Bxf5 gxf5 12. g4 Qd7 13. Rg1 Kh8 14. Ne5 Nxe5
15. Bxe5 Rg8 16. Qf3 Ne4 17. Bxg7+ Rxg7 18. O-O-O Qxa4 19. gxf5 Rxg1 20. Rxg1
Qa1+ 21. Nb1 Qxb1+ 22. Kxb1 Nd2+ 0-1

[Event "Kandidatklassen"]
[Site "Aarhus"]
[Date "1999.04.02"]
[Round "4"]
[White "Christensen, Stefan"]
[Black "Pedersen, Nicolai Vesterbaek"]
[Result "1/2-1/2"]
[WhiteElo "2197"]
[BlackElo "2366"]
[PlyCount "88"]
[EventDate "1999.??.??"]
[EventType "swiss"]
[EventRounds "7"]
[EventCountry "DEN"]
[SourceTitle "EXT 2000"]
[Source "ChessBase"]
[SourceDate "1999.11.16"]

1. e4 e5 2. Nf3 Nc6 3. Bb5 Nf6 4. O-O Nxe4 5. d4 Nd6 6. dxe5 Nxb5 7. c4 d6 8.
cxb5 Nxe5 9. Re1 Be7 10. Nxe5 dxe5 11. Qxd8+ Bxd8 12. Rxe5+ Be6 13. Nc3 Bf6 14.
Rc5 O-O-O 15. Bf4 Rd7 16. Na4 Rhd8 17. Re1 Rd4 18. Rxc7+ Kb8 19. Bg3 Ka8 20.
Nc3 Rb4 21. b3 Bxc3 22. Rxc3 Rxb5 23. f3 a5 24. Rc2 Ka7 25. Bf2+ Ka6 26. Be3
Rbd5 27. Kf2 Rd1 28. Ke2 Rxe1+ 29. Kxe1 Rd6 30. Ke2 b6 31. Bf4 Rd5 32. Be3 Kb5
33. Rd2 Rxd2+ 34. Kxd2 Kc6 35. Kc3 b5 36. a3 Kd5 37. Bb6 a4 38. bxa4 bxa4 39.
Kd3 h5 40. Ba5 f6 41. Be1 Ke5 42. Ke3 g5 43. Bc3+ Kf5 44. g4+ hxg4 1/2-1/2

[Event "Kandidatklassen"]
[Site "Aarhus"]
[Date "1999.04.02"]
[Round "4"]
[White "Holmsgaard, Henrik"]
[Black "Pedersen, Jan"]
[Result "1/2-1/2"]
[WhiteElo "2317"]
[BlackElo "2335"]
[PlyCount "66"]
[EventDate "1999.??.??"]
[EventType "swiss"]
[EventRounds "7"]
[EventCountry "DEN"]
[SourceTitle "EXT 2000"]
[Source "ChessBase"]
[SourceDate "1999.11.16"]

1. e4 e6 2. d3 c5 3. Nf3 Nc6 4. g3 g6 5. Bg5 Qb6 6. Nbd2 Qxb2 7. Nc4 Qc3+ 8.
Bd2 Qg7 9. Bg2 Be7 10. O-O f5 11. Re1 fxe4 12. dxe4 Nh6 13. Be3 Nf7 14. Qd2 O-O
15. Rad1 b6 16. h4 Rd8 17. Bf4 Ba6 18. Nd6 Bxd6 19. Bxd6 Nxd6 20. Qxd6 Qe7 21.
Qd2 d6 22. h5 gxh5 23. Qh6 Ne5 24. Nxe5 dxe5 25. Qxh5 Qg7 26. Qh4 Rxd1 27. Rxd1
Bc4 28. a3 Rf8 29. Rd8 h6 30. Rxf8+ Qxf8 31. Qh5 Qg7 32. Qe8+ Kh7 33. Bh3 Ba2
1/2-1/2

[Event "Kandidatklassen"]
[Site "Aarhus"]
[Date "1999.04.05"]
[Round "7"]
[White "Holmsgaard, Henrik"]
[Black "Jensen, Bjarke"]
[Result "1-0"]
[WhiteElo "2317"]
[BlackElo "2152"]
[PlyCount "51"]
[EventDate "1999.??.??"]
[EventType "swiss"]
[EventRounds "7"]
[EventCountry "DEN"]
[SourceTitle "EXT 2000"]
[Source "ChessBase"]
[SourceDate "1999.11.16"]

1. e4 c5 2. Nf3 d6 3. d4 cxd4 4. Nxd4 Nf6 5. Nc3 g6 6. Bc4 Bg7 7. O-O O-O 8.
Re1 Nc6 9. h3 Nxd4 10. Qxd4 Bd7 11. Qd3 Bc6 12. Bg5 Nd7 13. Qd2 Re8 14. Qf4 Ne5
15. Bb3 b5 16. Qh4 Nc4 17. a4 Nxb2 18. axb5 Bxc3 19. bxc6 Qc7 20. Bxf7+ Kxf7
21. Qxh7+ Bg7 22. Ra3 Qxc6 23. Rf3+ Ke6 24. Qxg7 Nc4 25. Rf7 Qc7 26. Bxe7 1-0

[Event "Kandidatklassen"]
[Site "Aarhus"]
[Date "1999.03.31"]
[Round "2"]
[White "Holmsgaard, Henrik"]
[Black "Matthiesen, Martin"]
[Result "0-1"]
[WhiteElo "2317"]
[BlackElo "2278"]
[PlyCount "88"]
[EventDate "1999.??.??"]
[EventType "swiss"]
[EventRounds "7"]
[EventCountry "DEN"]
[SourceTitle "EXT 2000"]
[Source "ChessBase"]
[SourceDate "1999.11.16"]

1. e4 c5 2. Nf3 Nc6 3. d4 cxd4 4. Nxd4 Nf6 5. Nc3 d6 6. Be2 g6 7. O-O Bg7 8.
Be3 O-O 9. Nb3 Be6 10. f4 Rc8 11. Kh1 Na5 12. e5 Ne8 13. exd6 Nxd6 14. Nd4 Ndc4
15. Nxe6 fxe6 16. Bxc4 Nxc4 17. Qe2 Nxb2 18. Ne4 b6 19. Ng5 Qd5 20. Rae1 h6 21.
Nf3 Qxa2 22. Nh4 Qc4 23. Qg4 g5 24. Ng6 Rf7 25. Bc1 Kh7 26. Qh5 Qxc2 27. Ne5
Rf6 28. Ng4 Nd3 29. Rd1 Nxc1 30. Nxf6+ exf6 31. fxg5 fxg5 32. Qh3 Ne2 33. Qxe6
Nf4 34. Qg4 Re8 35. h4 Re5 36. Rd7 a5 37. Kh2 Qf5 38. Qxf5+ Rxf5 39. g3 Rd5 40.
Rb7 Rd2+ 41. Kh1 Nh5 42. Rf3 g4 43. Re3 Rb2 44. Kg1 Kg6 0-1